logo

Bir Sreshtho Munshi Abdur Rouf Library
Jhenaidah Cadet College

Changing views / (Record no. 6073)

MARC details
000 -LEADER
fixed length control field 00826nam a22002772a 4500
001 - CONTROL NUMBER
JCCL Control Number 6073
003 - CONTROL NUMBER IDENTIFIER
JCCL marc code BD - JCC
005 - DATE AND TIME OF LATEST TRANSACTION
control field 20180101180211.0
008 - FIXED-LENGTH DATA ELEMENTS--GENERAL INFORMATION
fixed length control field 500101s1979 enk 000 0 eng d
020 ## - INTERNATIONAL STANDARD BOOK NUMBER
International Standard Book Number 0906226120 (sd)
020 ## - INTERNATIONAL STANDARD BOOK NUMBER
International Standard Book Number 0906226139
035 ## - SYSTEM CONTROL NUMBER
system control number ( BD - JCC)6073
040 ## - CATALOGING SOURCE
Original cataloging agency UKM
Transcribing agency UKM
Modifying agency EQO
-- BD - JCC
041 ## - LANGUAGE CODE
Language code of Book eng
082 ## - DEWEY DECIMAL CLASSIFICATION NUMBER
Classification number 821/.914
DDC Edition number 19
Author mark and Year BOR 1979
100 1# - MAIN ENTRY--PERSONAL NAME
Personal name Born, Anne.
245 10 - TITLE STATEMENT
Title Changing views /
Statement of responsibility, etc Anne Born
260 ## - PUBLICATION, DISTRIBUTION, ETC. (IMPRINT)
Place of publication, distribution, etc Oxford (40 George St., Oxford OX1 2AQ) :
Name of publisher, distributor, etc Mid-Day Publications Ltd,
Date of publication, distribution, etc 1979
300 ## - PHYSICAL DESCRIPTION
Pagination 479 p. :
Dimensions 26 cm
500 ## - GENERAL NOTE
General note Also available in a limited ed. of 25 numbered copies signed by the author
500 ## - GENERAL NOTE
General note ISBN 0-906226-13-9 Signed ed. : Unpriced
650 #0 - SUBJECT ADDED ENTRY--TOPICAL TERM
Topical term or geographic name as entry element English poetry
830 #0 - SERIES ADDED ENTRY--UNIFORM TITLE
Uniform title Old Fire Station poets ;
Volume number/sequential designation 6
942 ## - ADDED ENTRY ELEMENTS (KOHA)
Source of classification or shelving scheme Dewey Decimal Classification
Koha item type Books
Holdings
Source of classification or shelving scheme Damaged status Not for loan Home library Current library Shelving location Date of accession Total Checkouts Full call number Barcode Date last seen Copy number Koha item type
Dewey Decimal Classification     JCC Rouf Library JCC Rouf Library General Stacks 01/01/2018   821/.914 BOR 1979 8507 01/01/2018 C - 1 Books

JCC Library | Contacts | JCC Home

Last Update on 23 September 2017
Copyright @ 2017-2020 JCC Rouf Library
Rouf Library, Jhenidah Cadet College (JCC), Bangladesh